000 00562nam a2200181Ia 4500
003 GCL
008 140319s9999 xx 000 0 ara d
040 _aGCL /
_cGCL
082 0 4 _a155.4
_bم ط
100 1 _aمحمد احمد النابلسى
245 1 0 _aالطب النفسى و دوره فى التربية /
_cمحمد احمد النابلسى
300 _a148 ص
490 _aسلسلة علم نفس الطفل
_v0
650 0 4 _aعلم النفس
650 0 4 _aالاجنة، علم
650 0 4 _aالاطفال - علم نفس
942 _2ddc
_cBK
999 _c41673
_d41673